00339nam a22000977a 4500008004100000020001100041100002500052245010300077260004800180300001300228180621b xxu||||| |||| 00| 0 eng d a025025 aNdetei David Musyimi aContemporary Psychiatry in AfricabA Review of Theory Practice and Research cDavid Musyimi Ndetei aNairobibAcrodile Publishing Limited c2011 ax, 470p.